000 01361nam a22002057a 4500
003 OSt
005 20250421123847.0
008 250421b |||ao||| |||| 00| 0 spa d
020 _a9789585266100
037 _bDonación
040 _aCO-JMCR
_bspa
_cCO-JMCR
_dCO-JMCR
_erda
041 0 _aspa
082 0 4 _2327.51
_aC53c
_b23
110 1 _aChina
_944122
245 1 0 _aChina Colombia :
_bla ruta del futuro, 40 años 1980-2020 /
_cEmbajada de la República Popular de China en la República de Colombia.
260 _aBogotá :
_bEmbajada de la República Popular de China en la República de Colombia :
_bAsociación de la Amistad Colombo China :
_bCámara Colombo China de Inversión y Comercio,
_c2020.
300 _a112 páginas :
_bilustraciones, fotografías ;
_c29 cm.
505 _aIniciar un camino es el comienzo, mantenerse es progreso, trabajar juntos al futuro es el éxito / Tatiana Gélvez Rubio -- Colombia y China, 40 años de relaciones. Tan lejos pero tan cerca / David Barriga -- El siglo de las oportunidades. Si Colombia y China se lo proponen, pueden convertirse en dos grandes aliados en lo ambiental y el uso eficiente de la energía / Eduardo Arias -- Una mirada hacia el futuro en tecnología e innovación / Ivan Luzardo -- Cómo servir té y café en la misma mesa, relaciones bilaterales China-Colombia / Javier Luque.
942 _2ddc
_cBK
999 _c30971
_d17355